[Event "Wch FIDE Online U10 Europe qual"]
[Site "Tornelo INT"]
[Date "2020.12.08"]
[Round "5"]
[White "Atanasov, Aleksandar"]
[Black "Albu, Vlad"]
[Result "1-0"]
[WhiteElo "1138"]
[BlackElo "1069"]
[PlyCount "63"]
[EventDate "2020.12.07"]
[EventType "swiss (rapid)"]
[EventRounds "7"]
[EventCountry "ISS"]
[SourceTitle "EXT 2022"]
[Source "ChessBase"]
[SourceDate "2021.10.06"]
[SourceVersion "1"]
[SourceVersionDate "2021.10.06"]
[SourceQuality "1"]

1. e4 e5 2. Nf3 Nc6 3. Bc4 Bc5 4. c3 Nf6 5. d4 exd4 6. e5 Ne4 7. cxd4 Bb4+ 8. Nbd2 Nxd2 9. Bxd2 Bxd2+ 10. Qxd2 0-0 11. d5 Ne7 12. 0-0 Ng6 13. Rfe1 d6 14. e6 fxe6 15. dxe6 Qf6 16. e7+ Kh8 17. exf8Q+ Qxf8 18. Re3 Bg4 19. Rae1 Bxf3 20. Rxf3 Qd8 21. Bf7 Ne5 22. Rf4 Qg5 23. Bd5 c6 24. Rf8+ Rxf8 25. Qxg5 cxd5 26. Qe7 Kg8 27. Qxd6 Nd3 28. Re7 h6 29. Qxd5+ Kh8 30. Qxd3 Rc8 31. h3 Rc1+ 32. Kh2 1-0

[Event "Wch FIDE Online U10 Europe qual"]
[Site "Tornelo INT"]
[Date "2020.12.08"]
[Round "3"]
[White "Atanasov, Aleksandar"]
[Black "De Groof, Mathijs"]
[Result "1-0"]
[WhiteElo "1138"]
[BlackElo "1113"]
[PlyCount "55"]
[EventDate "2020.12.07"]
[EventType "swiss (rapid)"]
[EventRounds "7"]
[EventCountry "ISS"]
[SourceTitle "EXT 2022"]
[Source "ChessBase"]
[SourceDate "2021.10.06"]
[SourceVersion "1"]
[SourceVersionDate "2021.10.06"]
[SourceQuality "1"]

1. e4 e5 2. Nf3 Nc6 3. Bc4 Nf6 4. Ng5 d5 5. exd5 Na5 6. Be2 Nxd5 7. d3 Nf4 8. Bxf4 exf4 9. Ne4 Qd4 10. Nbc3 Bb4 11. 0-0 Bxc3 12. Nxc3 0-0 13. Re1 Qf6 14. Rb1 b6 15. Nd5 Qg5 16. Nxc7 Rb8 17. Bf3 Qd8 18. Nd5 g5 19. Ne7+ Kh8 20. Nxc8 Rxc8 21. b4 Nc6 22. Be4 Nd4 23. Rc1 Nb5 24. Bf5 Rc7 25. Qh5 f6 26. h4 Qd5 27. Qh6 Qxf5 28. Qxf8# 1-0

[Event "Wch FIDE Online U10 Europe qual"]
[Site "Tornelo INT"]
[Date "2020.12.08"]
[Round "4"]
[White "Rosol, Philip"]
[Black "Atanasov, Aleksandar"]
[Result "1-0"]
[WhiteElo "1604"]
[BlackElo "1138"]
[PlyCount "159"]
[EventDate "2020.12.07"]
[EventType "swiss (rapid)"]
[EventRounds "7"]
[EventCountry "ISS"]
[SourceTitle "EXT 2022"]
[Source "ChessBase"]
[SourceDate "2021.10.06"]
[SourceVersion "1"]
[SourceVersionDate "2021.10.06"]
[SourceQuality "1"]

1. d4 d5 2. Bf4 c6 3. e3 e6 4. Nd2 f5 5. Ngf3 Nf6 6. Be2 Bd6 7. Ne5 0-0 8. c3 Bc7 9. 0-0 Nbd7 10. Ndf3 Ne4 11. Nxd7 Bxd7 12. Bxc7 Qxc7 13. Ne5 c5 14. f3 Nf6 15. Rc1 Rac8 16. Qd2 b5 17. b4 c4 18. Ra1 a5 19. a3 Ra8 20. Ra2 Ra6 21. Rc1 Rfa8 22. Rcc2 Qa7 23. Rab2 axb4 24. axb4 Ra1+ 25. Bd1 Be8 26. h3 Bg6 27. Nxg6 hxg6 28. Rc1 Ra3 29. Kh2 g5 30. Bc2 Ra2 31. Rcb1 Qc7+ 32. Kg1 Qa7 33. Qc1 Ra3 34. Qd2 g4 35. f4 gxh3 36. gxh3 Qf7 37. Qe2 Rxc3 38. Qd2 Rca3 39. Qe2 c3 40. Rb3 Rxb3 41. Rxb3 Rc8 42. Ra3 Qg6+ 43. Qg2 Qxg2+ 44. Kxg2 Ne4 45. Bxe4 fxe4 46. Ra1 c2 47. Rc1 Kf7 48. Kf2 Rc4 49. Ke2 Rxb4 50. Rxc2 Ra4 51. Rb2 b4 52. Kf2 Ke7 53. Ke2 Kd7 54. Kd2 Kc6 55. Rc2+ Kb5 56. Rc5+ Kb6 57. Rc2 b3 58. Rb2 Ra2 59. Kc3 Rxb2 60. Kxb2 Kc7 61. Kxb3 Kd7 62. Kb4 Ke7 63. Kc5 Kf6 64. Kd6 g6 65. Kd7 Kf7 66. h4 Kf6 67. Ke8 Kf5 68. Kf7 Kg4 69. Kxg6 Kxh4 70. Kf6 Kg3 71. Kxe6 Kf3 72. f5 Kxe3 73. f6 Kxd4 74. f7 e3 75. f8Q e2 76. Qf2+ Kd3 77. Kxd5 Kd2 78. Kd4 Kd1 79. Kd3 e1Q 80. Qc2# 1-0

[Event "Wch FIDE Online U10 Europe qual"]
[Site "Tornelo INT"]
[Date "2020.12.07"]
[Round "2"]
[White "Grooten, Tommy"]
[Black "Atanasov, Aleksandar"]
[Result "1-0"]
[WhiteElo "1897"]
[BlackElo "1138"]
[PlyCount "101"]
[EventDate "2020.12.07"]
[EventType "swiss (rapid)"]
[EventRounds "7"]
[EventCountry "ISS"]
[SourceTitle "EXT 2022"]
[Source "ChessBase"]
[SourceDate "2021.10.06"]
[SourceVersion "1"]
[SourceVersionDate "2021.10.06"]
[SourceQuality "1"]

1. e4 e5 2. Nf3 Nc6 3. Bc4 Bc5 4. c3 Nf6 5. d3 h6 6. a4 a5 7. 0-0 0-0 8. Nbd2 d6 9. h3 Be6 10. Bb3 Qd7 11. Re1 Rad8 12. Nf1 Rfe8 13. Ng3 Ne7 14. Bc2 c6 15. d4 Bb6 16. Be3 exd4 17. cxd4 d5 18. e5 Nh7 19. Qd3 Ng6 20. Nh4 Nhf8 21. Nhf5 Bxf5 22. Nxf5 Ne6 23. h4 Bc7 24. g3 c5 25. h5 Ngf8 26. Qd2 cxd4 27. Bxd4 Nxd4 28. Qxd4 Ne6 29. Qg4 d4 30. Bd3 Qd5 31. f4 Qb3 32. Rad1 Bb6 33. Nxh6+ Kf8 34. Nf5 Qxa4 35. Kh2 Qb3 36. Kh3 Qxb2 37. Re2 Qc3 38. Rc2 Qa3 39. Nh4 Ba7 40. Qf5 Qb4 41. Ng6+ Kg8 42. Nh4 Kf8 43. h6 g6 44. Nxg6+ Kg8 45. Nh4 Kf8 46. Ng6+ Kg8 47. h7+ Kxh7 48. Ne7+ Kg7 49. Qh7+ Kf8 50. Nf5 Rd7 51. Qh8# 1-0